Score 0/25 Timer 15:00
0 Plays Today
% Correct
Modern Family
72.7%
Harry Potter
72.7%
Happy Days
68.2%
It's A Wonderful Life
59.1%
The A-Team
50%
Breaking Bad
50%
Harry Potter
36.4%
The Godfather
36.4%
Rocko's Modern Life
31.8%
Looney Tunes
31.8%
Speed
31.8%
Speed
27.3%
Captain Planet & The Planeteers
27.3%
% Correct
Home Alone
22.7%
Cloverfield
18.2%
Best In Show
13.6%
Weeds
13.6%
Recess
13.6%
Toy Story
13.6%
The Simpsons
9.1%
The Ren & Stimpy Show
9.1%
Everybody Loves Raymond
9.1%
Atlantis: The Lost Empire
9.1%
The Sandlot
4.5%
Curious George
4.5%
Remove Ads.
Support Sporcle.
Get the best of Sporcle when you Go Orange. This ad-free experience offers more features, more stats, and more fun while also helping to support Sporcle. Thank you for becoming a member.

You're not logged in!

Compare scores with friends on all Sporcle quizzes.
OR
Log In

Show Comments

Extras

Top Quizzes Today


Score Distribution

Your Account Isn't Verified!

In order to create a playlist on Sporcle, you need to verify the email address you used during registration. Go to your Sporcle Settings to finish the process.

Report this User

Report this user for behavior that violates our Community Guidelines.

Details: